000 00499nam a2200145Ia 4500
008 170221s9999 xx 000 0 und d
100 _aTahira Nazir
245 _aInterrelationship of Incivility, Cynicism and Turnover Intention
245 _cTahira Nazir, Ungku Norulkamar Bt. Ungku Ahmad
260 _bInternational Review of Management and Marketing
260 _cDecember 2014
300 _a6:2
650 _xMarketing.
856 _uhttp://www.econjournals.com/index.php/irmm/issue/view/64
999 _c310222
_d310222